| 000 | 00694pam a2200229 a 4500 | ||
|---|---|---|---|
| 001 | 1389563 | ||
| 005 | 20180814034017.0 | ||
| 008 | 821229s1983 mdua b 001 0 eng | ||
| 010 | _a 82024794 | ||
| 020 | _a0839118082 | ||
| 040 |
_aDLC _cDLC _dDLC |
||
| 041 | _aeng | ||
| 060 | _aWG 141.5.C2 P982 | ||
| 080 | _a617.412 | ||
| 082 | 0 | 0 |
_a617.412 _219 |
| 100 | _a3 | ||
| 101 | _aSHM | ||
| 245 | 0 | 4 |
_aThe Pulmonary artery catheter : _cedited by Charles L. Sprung ; contributors, Joseph M. Civetta ... [et al.]. |
| 504 | _aIncludes bibliographical references and index. | ||
| 906 |
_a7 _bcbc _corignew _d1 _eocip _f19 _gy-gencatlg |
||
| 942 |
_2ddc _cBK |
||
| 999 |
_c47069 _d47069 |
||